书目信息 |
| 题名: |
经济稳定与金融稳定研究
|
|
| 作者: | 席涛 著 | |
| 分册: | ||
| 出版信息: | 北京 中国人民大学出版社 2016 |
|
| 页数: | 224页 | |
| 开本: | 24cm | |
| 丛书名: | ||
| 单 册: | ||
| 中图分类: | F12 , F832 | |
| 科图分类: | ||
| 主题词: | 经济稳定--jing ji wen ding--研究--中国 , 金融--jin rong--研究--中国 | |
| 电子资源: | ||
| ISBN: | 978-7-300-23138-9 | |
| 000 | 01446nam0 22003011 450 | |
| 001 | 0115101226 | |
| 005 | 20170415101226.0 | |
| 010 | @a978-7-300-23138-9@dCNY45.00 | |
| 100 | @a20160902d2016 em y0chiy50 ea | |
| 101 | 0 | @achi@eeng |
| 102 | @aCN@b110000 | |
| 105 | @ay z 000yy | |
| 106 | @ar | |
| 200 | 1 | @a经济稳定与金融稳定研究@Ajing ji wen ding yu jin rong wen ding yan jiu@e法律经济学视角@f席涛著 |
| 210 | @a北京@c中国人民大学出版社@d2016 | |
| 215 | @a224页@d24cm | |
| 300 | @a国家社会科学基金重点项目 | |
| 312 | @a封面英文题名:The study of economic stability and financial stability: a law and economics perspective | |
| 330 | @a本书结合《中国人民银行法》《商业银行法》《社会保险法》和《行政许可法》中的具体法律制度,分析经济稳定与经济风险、金融稳定与金融风险之间的变量关系、影响因素、传导机制和均衡条件,从短期对策与长期制度建设上,探讨经济稳定与金融稳定的制度设计。经济问题与法律制度相融合、实证分析与规范分析相结合,拓宽了现有经济稳定与金融稳定研究的视野,为宏观政策调控、立法、修法和废法,提供了理论支持。 | |
| 510 | 1 | @aStudy of economic stability and financial stability@ea law and economics perspective@zeng |
| 517 | 1 | @a法律经济学视角@Afa lv jing ji xue shi jiao |
| 606 | 0 | @a经济稳定@Ajing ji wen ding@x研究@y中国 |
| 606 | 0 | @a金融@Ajin rong@x研究@y中国 |
| 690 | @aF12@v5 | |
| 690 | @aF832@v5 | |
| 701 | 0 | @a席涛@Axi tao@f(1957~)@4著 |
| 801 | 0 | @aCN@bTANGWEI@c20170308 |
| 905 | @b0965651-4@dF12@e269@f4 | |
| 经济稳定与金融稳定研究:法律经济学视角/席涛著.-北京:中国人民大学出版社,2016 |
| 224页;24cm |
| 国家社会科学基金重点项目 |
| ISBN 978-7-300-23138-9:CNY45.00 |
| 本书结合《中国人民银行法》《商业银行法》《社会保险法》和《行政许可法》中的具体法律制度,分析经济稳定与经济风险、金融稳定与金融风险之间的变量关系、影响因素、传导机制和均衡条件,从短期对策与长期制度建设上,探讨经济稳定与金融稳定的制度设计。经济问题与法律制度相融合、实证分析与规范分析相结合,拓宽了现有经济稳定与金融稳定研究的视野,为宏观政策调控、立法、修法和废法,提供了理论支持。 |
| ● |
| 相关链接 |
|
|
|
|
正题名:经济稳定与金融稳定研究
索取号:F12/269
 
预约/预借
| 序号 | 登录号 | 条形码 | 馆藏地/架位号 | 状态 | 备注 |
| 1 | 0965651 | 209656512 | 第一样本阅览室/ [索取号:F12/269] | 在馆 | |
| 2 | 0965652 | 209656521 | 密集书库-海洋学院/ [索取号:F12/269] | 在馆 | |
| 3 | 0965653 | 209656530 | 第一借阅区/ [索取号:F12/269] | 在馆 | |
| 4 | 0965654 | 209656549 | 第一借阅区/ [索取号:F12/269] | 在馆 |